[Event "HON-ch sf1"]
[Site "Tegucigalpa"]
[Date "2018.01.14"]
[Round "3"]
[White "Garcia Reyes, Alejandra Nicole"]
[Black "Caballero Sanabria, Danery"]
[Result "1-0"]
[WhiteElo "1399"]
[BlackElo "1559"]
[PlyCount "51"]
[EventDate "2018.01.13"]
[EventType "swiss"]
[EventRounds "7"]
[EventCountry "HON"]
[SourceTitle "EXT 2019"]
[Source "ChessBase"]
[SourceDate "2018.10.10"]
[SourceVersion "1"]
[SourceVersionDate "2018.10.10"]
[SourceQuality "1"]

1. e4 e5 2. Nf3 Nc6 3. Bc4 Bc5 4. c3 d6 5. Bb3 Nf6 6. d3 0-0 7. 0-0 Qd7 8. Nbd2 Qg4 9. h3 Qg6 10. Kh2 a6 11. Qe2 Qh6 12. Nc4 Ng4+ 13. Kg1 Nf6 14. Bxh6 gxh6 15. Ne3 Bd7 16. Nh4 Rfd8 17. Nhf5 Bxf5 18. Nxf5 Kf8 19. Qf3 Ne7 20. Nxh6 Ke8 21. Qxf6 d5 22. Qxf7+ Kd7 23. Bxd5 Re8 24. Ng4 Rf8 25. Nxe5+ Kd6 26. Qe6# 1-0

[Event "HON-ch sf1"]
[Site "Tegucigalpa"]
[Date "2018.01.13"]
[Round "2"]
[White "Caballero Sanabria, Danery"]
[Black "Villanueva, Marcio"]
[Result "0-1"]
[WhiteElo "1559"]
[BlackElo "1963"]
[PlyCount "80"]
[EventDate "2018.01.13"]
[EventType "swiss"]
[EventRounds "7"]
[EventCountry "HON"]
[SourceTitle "EXT 2019"]
[Source "ChessBase"]
[SourceDate "2018.10.10"]
[SourceVersion "1"]
[SourceVersionDate "2018.10.10"]
[SourceQuality "1"]

1. e4 c5 2. Bc4 Nc6 3. Nc3 g6 4. Nf3 Bg7 5. Ng5 e6 6. Nf3 a6 7. a3 b5 8. Ba2 Bb7 9. 0-0 d6 10. d3 Nge7 11. Bg5 Qc7 12. Bxe7 Qxe7 13. Ne2 Bxb2 14. Rb1 Bxa3 15. Rb3 Bb4 16. Rb1 Ba5 17. Qc1 h6 18. Qb2 0-0 19. Ng3 Bb6 20. Rbd1 Kh7 21. c3 Ne5 22. Nxe5 dxe5 23. c4 b4 24. Qc2 a5 25. Qa4 Qd6 26. Qb5 a4 27. Ra1 Ra5 28. Qxa5 Bxa5 29. Bb1 Bc6 30. h3 b3 31. Ra3 Bb4 32. Ra1 Bc3 33. Ra3 Bb2 34. Rxb3 axb3 35. Re1 Ra8 36. d4 Qxd4 37. Ne2 Qd2 38. Kf1 Ra1 39. Ng3 Bc3 40. Ne2 Qxe1# 0-1

[Event "HON-ch sf1"]
[Site "Tegucigalpa"]
[Date "2018.01.13"]
[Round "1"]
[White "Meza Martinez, Alcides Ivan"]
[Black "Caballero Sanabria, Danery"]
[Result "1-0"]
[WhiteElo "2100"]
[BlackElo "1559"]
[PlyCount "61"]
[EventDate "2018.01.13"]
[EventType "swiss"]
[EventRounds "7"]
[EventCountry "HON"]
[SourceTitle "EXT 2019"]
[Source "ChessBase"]
[SourceDate "2018.10.10"]
[SourceVersion "1"]
[SourceVersionDate "2018.10.10"]
[SourceQuality "1"]

1. d4 d5 2. Nf3 Nc6 3. Bf4 Nf6 4. e3 a6 5. c4 e6 6. Nc3 Bb4 7. Qc2 Bxc3+ 8. bxc3 Bd7 9. Rb1 Qc8 10. Bd3 0-0 11. 0-0 b5 12. cxb5 axb5 13. Bxb5 Rb8 14. a4 Nh5 15. Bg5 Qe8 16. c4 dxc4 17. Qxc4 h6 18. Bh4 Rb6 19. Qc5 Qe7 20. Bxe7 Nxe7 21. Bxd7 Rxb1 22. Rxb1 Nf6 23. Qxe7 Nxd7 24. Qxd7 g6 25. Ne5 Ra8 26. h4 Rf8 27. g4 g5 28. hxg5 hxg5 29. f4 f6 30. Qxe6+ Kh8 31. Ng6+ 1-0